header

A city consumed (Record no. 192630)

MARC details
000 -LEADER
fixed length control field 01484nam a2200349Ia 4500
082 04 - DEWEY DECIMAL CLASSIFICATION NUMBER
Classification number 381.0962/1609041
100 1# - MAIN ENTRY--AUTHOR NAME
Personal name Reynolds, Nancy Y.
245 12 - TITLE STATEMENT
Title A city consumed
260 ## - PUBLICATION, DISTRIBUTION, ETC. (IMPRINT)
Place of publication Stanford, California :
Name of publisher Stanford University Press,
Year of publication 2012.
300 ## - PHYSICAL DESCRIPTION
Number of Pages xvii, 365 p. :
Other physical details ill.
650 #0 - SUBJECT ADDED ENTRY--TOPICAL TERM
Topical Term Consumption (Economics)
Topical Term Nationalism
856 40 - ELECTRONIC LOCATION AND ACCESS
Uniform Resource Identifier http://site.ebrary.com/lib/rucke/Doc?id=10559573

No items available.

© 2026 Rongo University
Contact us: librarian | system librarian | Rongo university